000 00283nam a2200145Ia 4500
100 _aADC
650 _aComputers
942 _cBK
245 _aLearning COCOA
260 _bOreilly
_aNew Delhi
_c2001
082 _a005.133/ADC
300 _a366
546 _aENGLISH
999 _c19023
_d19023